Comuni della Provincia di Mantova (con mappa) - Statistics

Statistiche generali
  • Questo quiz è stato fatto 157 volte
  • Il punteggio medio è 37 su 64
Risposte nella Mappa
Le risposte nella mappa del quiz sottostante sono codificate secondo una scala di colori dal rosso al verde in base alla % di persone che hanno risposto correttamente.
 
Statistiche sulle risposte
Risposta % Corretto
Mantova
98%
Castiglione delle Stiviere
83%
Goito
83%
Suzzara
83%
Viadana
76%
Asola
74%
Borgo Virgilio
74%
Volta Mantovana
74%
Ostiglia
72%
Porto Mantovano
72%
San Benedetto Po
69%
Castel d'Ario
67%
Castel Goffredo
67%
Quistello
67%
Sabbioneta
67%
Solferino
67%
Roncoferraro
66%
Roverbella
66%
Curtatone
64%
Marmirolo
62%
Pegognaga
62%
Poggio Rusco
62%
Sermide e Felonica
62%
Bozzolo
60%
Castellucchio
60%
Gonzaga
60%
Marcaria
60%
Medole
60%
Rodigo
60%
Acquanegra sul Chiese
59%
Monzambano
59%
Ponti sul Mincio
59%
Sustinente
59%
Bagnolo San Vito
57%
Guidizzolo
57%
San Giorgio Bigarello
57%
Cavriana
55%
Ceresara
55%
Moglia
55%
San Giacomo delle Segnate
53%
Villimpenta
52%
Borgo Mantovano
50%
Canneto sull'Oglio
50%
Mariana Mantovana
50%
Piubega
50%
Quingentole
50%
Borgocarbonara
48%
Gazoldo degli Ippoliti
48%
Casaloldo
47%
Pomponesco
47%
Castelbelforte
45%
Motteggiana
45%
Redondesco
45%
Dosolo
43%
San Giovanni del Dosso
43%
Schivenoglia
43%
Magnacavallo
41%
Casalmoro
40%
Casalromano
40%
Commessaggio
40%
Rivarolo Mantovano
40%
Serravalle a Po
36%
Gazzuolo
34%
San Martino dall'Argine
33%
Nessun quiz corrispondente trovato
Distribuzione punteggi
Percentuale di utenti per punteggio
Percentile per numero di risposta
I tuoi punteggi nel tempo
Non hai fatto questo quiz